000
00200 a2200097 4500
001
8556
100
_a
Hill,T.E
245
_a
Autonomy & Self-Respect
260
_a
_b
Cambridge
_c
090
_c
6883
_d
6883
942
_a
NUST-CAE
_c
M
_c
33470
999
_c
243629
_d
243629